000 00751cam a22002411 4500
001 ca 22000623
003 DLC
005 20260227111110.0
007 cr_|||||||||||
008 840127s1922 ilu 000 0 eng
010 _aca 22000623
035 _a(OCoLC)10343764
040 _aDLC
_cNhD
_dDLC
042 _apremarc
050 0 0 _aPS3525.U655
_bJ8 1922
100 1 _aMurdock, Moore.
245 1 0 _aJudas redeemed;
_ba drama, revealed by authority,
_cby Moore Murdock.
260 _aChicago, Ill.,
_bYogi Publication Society, Masonic Temple
_c[c1922]
300 _a21 p.
_c15 cm.
500 _aPoem.
530 _aAlso available in digital form on the Internet Archive Web site.
856 4 1 _uhttp://hdl.loc.gov/loc.gdc/scd0001.00183482142
999 _c15629
_d15629